Presupuestos de operación
Uloženo v:
| Hlavní autor: | |
|---|---|
| Médium: | Kniha |
| Jazyk: | španělština |
| Vydáno: |
Ciudad de México
Herrero Hermanos
1974
|
| Vydání: | 2a. ed |
| Edice: | Contabilidad
|
| Témata: | |
| Tagy: |
Přidat tag
Žádné tagy, Buďte první, kdo vytvoří štítek k tomuto záznamu!
|
MARC
| LEADER | 00000nam a2200000 a 4500 | ||
|---|---|---|---|
| 001 | UCQ0193 | ||
| 003 | CL-VaPUC | ||
| 008 | 980627e19740900MX |||||||||||||||||spa|d | ||
| 082 | 0 | 4 | |a 658.154 |b VAT |2 21 |
| 100 | 0 | |a Vatter, William J |e author |9 413254 | |
| 245 | 1 | 0 | |a Presupuestos de operación |
| 250 | |a 2a. ed | ||
| 300 | |a 197 p | ||
| 942 | |c BK | ||
| 945 | |d 19980627 00:00:00 |a cmena | ||
| 260 | |a Ciudad de México |b Herrero Hermanos |c 1974 | ||
| 650 | 0 | |a Presupuestos |9 262669 | |
| 650 | 0 | |a Administración financiera |9 261146 | |
| 650 | 0 | |a Toma de decisiones |9 257530 | |
| 650 | 0 | |a Estructura organizacional |9 390800 | |
| 650 | 7 | |a PLANIFICACION Y CONTROL |2 CL-VaPUC |9 413255 | |
| 650 | 0 | |a Contabilidad de costos |9 260564 | |
| 583 | |a last modification |c 19980627 00:00:00 |k Rodrigo Vera | ||
| 490 | 0 | |a Contabilidad | |
| 999 | |c 271332 |d 271330 | ||
| 952 | |0 0 |1 0 |4 0 |6 658_154000000000000_VAT_1974 |7 0 |8 A |9 305960 |a BIBGIM |b BIBGIM |d 2019-11-20 |i 142288K |o 658.154 VAT 1974 |p 142288K |r 2025-01-15 |w 2019-11-20 |y BK |k COM | ||
| 952 | |0 0 |1 0 |4 0 |6 658_154000000000000_VAT_1974 |7 0 |8 A |9 305961 |a BIBENE |b BIBENE |d 2019-11-20 |i 1422898 |o 658.154 VAT 1974 |p 1422898 |r 2025-01-15 |w 2019-11-20 |y BK |k ICO | ||
| 952 | |0 0 |1 0 |4 0 |6 658_154000000000000_VAT_1974 |7 0 |8 A |9 305962 |a BIBGIM |b BIBGIM |d 2019-11-20 |i 1426745 |o 658.154 VAT 1974 |p 1426745 |r 2025-01-15 |w 2019-11-20 |y BK |k COM | ||